000 00422nam a2200169Ia 4500
001 23505
005 20260414150941.0
008 260414t2009||||xx |||||||||||||| ||spa||
041 _aESP
082 _a658.5
_bD11 2009
100 _aD´Alessio Ipinza, Fernando A.
_eAUT
245 0 _aAdministración y dirección de la producción
_b
260 _c2009
650 _aCIS
654 _aCAN
942 _cLIB
_dJUS
_fJUS
_2ddc
_n
999 _c23505
_d23505